'Road' Things Quiz Stats

 Plays Quiz Updated Oct 20, 2018

Score 0/16 Timer 04:00
6 Plays Today
% Correct
Greater roadrunner
97.5%
Road Signs
93.8%
Yellow Brick Road
93.5%
Roadblock
90.7%
Rocky Road ice cream
90.6%
Roadkill
90.1%
Road rage
89.9%
Abbey Road
86.6%
% Correct
Road map
85.2%
Off Road
84.9%
Hit the Road, Jack!
82.1%
Road House
60.3%
On the Road
56.7%
Mad Max: Fury Road
51.1%
Antiques Roadshow
46.1%
Big Thunder Mountain Railroad
39.8%

You're not logged in!

Compare scores with friends on all Sporcle quizzes.
OR
Log In

Sporcle TV

Today on Sporcle TV


Watch our educational content, quiz creation guides, and fun videos on Sporcle TV.

Show Comments

Extras

Top Quizzes Today


Score Distribution

Your Account Isn't Verified!

In order to create a playlist on Sporcle, you need to verify the email address you used during registration. Go to your Sporcle Settings to finish the process.

Report this User

Report this user for behavior that violates our Community Guidelines.

Details: